| 000 | 01477nam a22003977a 4500 | ||
|---|---|---|---|
| 003 | CHAP | ||
| 005 | 20220329141307.0 | ||
| 008 | 971010s1981 r 00010 d | ||
| 010 | _a65930 | ||
| 011 | _a66902 | ||
| 035 | _a75887 | ||
| 040 | _cCHAP | ||
| 090 | _aTesis | ||
| 100 | 0 | 0 |
_aPonce Ayala, Omar. _990771 |
| 245 | _aEfecto de tres métodos de labranza con diferentes niveles de fertilización N-P-K, en dos variedades de Triticale sp. bajo condiciones de invierno | ||
| 260 |
_aChapingo, Méx. : _bEl autor, _c1981 |
||
| 300 |
_a151 h. _b; láms. ; gráfs. ; mapas |
||
| 502 | _aTesis (Ing. Agr. Esp. en Suelos) -- UACH. Departamento de Suelos | ||
| 590 |
_aALEPH _b10 _c20130110 _lUCH01 _h1359 |
||
| 590 |
_aBATCH-UPD _b10 _c20130110 _lUCH01 _h0646 |
||
| 590 |
_aBATCH-UPD _b10 _c20130410 _lUCH01 _h0331 |
||
| 590 |
_aBATCH-UPD _b10 _c20130914 _lUCH01 _h1426 |
||
| 590 |
_aCONVERSION _b10 _c20130109 _lUCH01 _h1336 |
||
| 650 | 1 | 4 |
_aFertilizantes _xEfecto en triticale. _940559 |
| 650 | 1 | 4 |
_aFósforo _xEfecto en triticale. _942259 |
| 650 | 1 | 4 |
_aLabranza. _964303 |
| 650 | 1 | 4 |
_aNitrógeno _xEfecto en triticale. _981468 |
| 650 | 1 | 4 |
_aPotasio _xEfecto en triticale. _991118 |
| 650 | 1 | 4 |
_aTriticale _xVariedades. _9115231 |
| 901 | _aBK | ||
| 942 | _cFOLL | ||
| 949 |
_bBC _cTES _d-134114 _eTS1 _i75887 _si |
||
| 949 |
_bBC _cTES _d-134115 _eTS2 _fc.2 _i75887 _si |
||
| 949 |
_bBC _cTES _d33724000755906 _eTS2 _fc.3 _h22009 _i75887 _sb |
||
| 949 |
_bZA _cTESBD _d-8888 _eTS1 _h195 _i75887 _si |
||
| 999 |
_c65930 _d65930 |
||